30 clubs avec le plus de victoires en Ligue des Champions - Statistiques

Statistiques générales
  • Ce quiz a été pris 160 fois
  • Le résultat moyen est 24 sur 30
Statistiques - réponses
Rang Club Pays % Correct
2 Bayern Munich Allemagne
99%
1 Real Madrid Espagne
99%
3 Barcelone Espagne
98%
5 Juventus Italie
98%
4 Manchester United Angleterre
97%
25 Olympique Lyonnais France
97%
15 Inter Italie
96%
6 Liverpool Angleterre
95%
7 AC Milan Italie
94%
10 Ajax Pays-Bas
93%
9 Porto Portugal
92%
19 Manchester City Angleterre
91%
8 Benfica Portugal
90%
13 Chelsea Angleterre
90%
17 Paris France
90%
11 Arsenal Angleterre
88%
16 Dortmund Allemagne
88%
18 Atletico Madrid Espagne
85%
12 Dynamo Kiev Ukraine
81%
14 Glasgow Celtic Ecosse
81%
20 PSV Eindhoven Pays-Bas
78%
27 Galatasaray Turquie
74%
23 Dinamo Zagreb Croatie
68%
26 Rangers Ecosse
68%
21 Anderlecht Belgique
63%
30 Valence Espagne
58%
24 Olympiakos Grèce
53%
28 Shakhtar Donetsk Ukraine
49%
22 Etoile Rouge Belgrade Serbie
28%
29 Rosenborg Norvège
21%
Aucun quiz correspondant
Distribution des résultats
% des personnes avec chaque résultat
Percentile par nombre de réponses
Votre historique - résultats
Vous n’avez pas pris ce quiz